Quizzes
Events
Quiz Creation
Community
Videos
Private Events
Remove Ads
Sign In
Join for FREE
Feedback
Dark Mode
Quiz Categories
Sports
Geography
Music
Movies
Television
Just For Fun
Miscellaneous
History
Literature
Language
Science
Gaming
Entertainment
Religion
Holiday
For Kids
Quiz Lab
Recent
Popular Today
Quiz Kudos Today
Editor Picks
Curator Picks
Quizzes by...
Day
Popularity
Type
Ratings
Length
Year
Community
Subscriptions
Recent Discussions
Orange Saloon
Badges
Playlists
Quests
Create
Leaderboards
Showdown
Live 5
Trivia Bingo
Activity
Puzzle Library
Sporcle Events
Private Events
Virtual Trivia
Globe League
Become a Host
Pub Owners
SporcleCon
Opinionation
Our Games
Videos
Blog
Mobile Apps
Partnerships
Remove Ads and Go Orange
Feedback
Sports
Athletes
MLB
NBA
NHL
NFL
Soccer
Sports Teams
WWE
NCAA
Football
Premier League
Basketball
Baseball
Hockey
Golf
Tennis
Cricket
Rugby
Auto Racing
Olympics
World Cup
Sports
Athletes
MLB
NBA
NHL
NFL
Soccer
Sports Teams
WWE
NCAA
Football
Premier League
Basketball
Baseball
Hockey
Golf
Tennis
Cricket
Rugby
Auto Racing
Olympics
World Cup
Random Quiz
Search Sporcle
×
Quiz Lab
Quiz Lab
Sports
Era
Type in answers that appear in a list
Type in answers that appear in a list
Classic
Best Score? Go Orange.
All-American QBs of the BCS Era Stats
Can you name the All-American QBs of the 2000s?
By
jfey5
8m
29 Questions
2,218 Plays
2,218 Plays
2,218 Plays
Comments
Comments
Give Quiz Kudos
Give Quiz Kudos
-
- Ratings
hide this ad
Replay
Link that replays current quiz
Next Quiz
Link to next quiz in quiz playlist
You Got
0%
They Got
Avg Score
74%
Avg Friend Score
Upgrade to see
Score Distribution
Jump to the score distribution portion of the page
Score
0/29
Timer
08:00
0
Plays Today
Year
Player
% Correct
Tim Tebow
99.1%
2007
Tim Tebow
99.1%
Colt McCoy
97.8%
Matt Leinart
96.8%
2004
Matt Leinart
96.8%
2008
Sam Bradford
96.7%
Matt Ryan
96.3%
2002
Carson Palmer
96.3%
2006
Troy Smith
96.2%
Alex Smith
96%
2005
Vince Young
95.8%
Matthew Stafford
94.1%
2003
Jason White
87.2%
Michael Vick
84.2%
Graham Harrell
81.1%
Year
Player
% Correct
Byron Leftwich
79.1%
2001
Eric Crouch
76.9%
Ken Dorsey
76.3%
Chris Weinke
76.2%
David Carr
72.4%
1998
Tim Couch
68.6%
Rex Grossman
64%
Brad Banks
52.2%
2000
Josh Heupel
49.1%
Cade McNown
42.7%
1999
Joe Hamilton
27.8%
Michael Bishop
27.4%
Antwaan Randle El
17.7%
George Godsey
6.4%
Quiz Playlist
Details
Report
Send in Message
Add To Playlist
Classic:
Type in answers that appear in a list
Last Updated: Aug 28, 2018
Quiz Scoreboard
CHALLENGE
Sign Up to Join the Scoreboard
Show All
Scores
Hide
Comments
May contain spoilers
Recently Published
9x9 Crossword: Cartoon Network
by jackfrog10
Miscellaneous
3m
College Basketball Coaching Resumes
by pancakes188
Sports
9m
Billboard Blitz: Fleetwood Mac
by CooCooCachoo
Music
15s
More to Explore
Quiz From the Vault
Featured Blog Post
Where Did the Easter Bunny Come From?
hide this ad
You Might Also Like...
Tags
2000
All-American
BCS
Era
Player
Quarterbacks
team
Today's Top Quizzes in Sports
Browse Sports
hide this ad
Today's Top Quizzes in Era
Browse Era
Top Contributed Quizzes in Sports
1
2022 World Cup Stars
2
Les meilleurs buteurs des matchs entre le PSG et l’OM
3
FIFA Club World Cup Champions
4
Les entraîneurs de l'OM et du PSG au 21e siècle
5
Criteria MLB: Left Handed Sluggers
6
AFC Teams Reveal (Wrong Answers Minefield)
7
2023 MLB Unique Player Accomplishments
8
5-to-1: FBS Animal Nicknames
9
Players with Multiple 50 Home Run Seasons
10
5-to-1: UK Sports Teams
Explore More
Trending Topics
Harry Potter
Kpop
Crossword
Anime
NBA
Disney
Marvel
Soccer
Country
WWE
Pokémon
NFL
Song
Puzzle
The Office
hide this ad
More By:
jfey5
Quiz
Plays
Rating
Category
Featured
Created
NBA MVP Voting (2000s)
260,825
4.56
Sports
Dec 10, 2009
Top 5 NBA Playoff Scorers, '90s-'10s
213,445
4.59
Sports
Mar 19, 2011
NBA All-Star Starters
23,333
4.53
Sports
Nov 27, 2009
Last 5 NBA 20 PPG Scorers by Team
13,839
4.04
Sports
May 9, 2010
All-NBA Teams 2000-present
9,474
3.92
Sports
Nov 26, 2009
Go to Creator's Profile
Score Distribution
Quiz Creator Spotlight
jfey5
Follow
Send a Message
Quizzes Created
-
Created Quiz Play Count
-
More By This Creator
Popular Quizzes Today
1
Find the US States - No Outlines Minefield
2
Find the Countries of Europe - No Outlines Minefield
3
The Countries of the World
4
Find the US States
5
Risky Map Clicking: Biggest States A-Z
6
US States
7
Popular People in 1961
8
Movies - When Are They Set?
More Sports Quizzes
Карьера главных тренеров РПЛ
Quiz Lab
Trending Quizzes
Risky Map Clicking: Least Populous States A-Z
1-10 Letter G Words
1-10 Letter F Words
Risky Map Clicking: Next State Alphabetically
Adjectives in 80s TV Shows
Recently Updated
Leaping Animals
pecheneg
Reality TV Shows (A-Z)
bhenderson79
Rickey Henderson's Hall of Fame Teammates
pecheneg
Champions League XIs: Arsenal
pecheneg
Quick Pick: Celebrities in WWE's Hall of Fame
aduchscher
A-Z Keypad Blitz II
pecheneg
Multiple Oscar Actors
pecheneg
Mystery Phrase Blitz: Oscar 'Best Actors'
pecheneg
F. Scott Fitzgerald Novels
LTH
Pick 3 Villains
ddd62291
Trending Topics
Marvel
Harry Potter
Anime
NBA
Crossword
Kpop
Disney
The Office
WWE
Puzzle
Country
Pokémon
NFL
Song
Soccer
Your Account Isn't Verified!
In order to create a playlist on Sporcle, you need to verify the email address you used during registration. Go to your
Sporcle Settings
to finish the process.
Report this User
Report this user for behavior that violates our
Community Guidelines
.
Details:
Send Report
Go to the Sporcle.com Mobile Site →
Comments